000 00336nam a2200133 i 4500
001 bg
100 1 _aLIS, S.
245 0 _aOrganizacja i ekonomika procesów produkcyjnych w przemyśle maszynowym /
_cS. Lis.
260 _aWarszawa,
_c1984.
040 _cBPK
041 _apol
942 _cKS
008 s pl f |000 0 pol
999 _c1200
_d1200
856 _uhttp://koha.tu.koszalin.pl/cgi-bin/koha/opac-detail.pl?biblionumber=1200
_yKatalog online BPK